| 000 | 00581nam a2200193Ia 4500 | ||
|---|---|---|---|
| 003 | GCL | ||
| 005 | 20240530105057.0 | ||
| 008 | 140319s9999 xx 000 0 ara d | ||
| 040 |
_aGCL / _cGCL |
||
| 082 | 0 | 4 |
_a252 _bع ا |
| 100 | 1 | _aعلى جريشة | |
| 245 | 1 | 0 |
_aالايمان الحق شهادة وعقيدة وعبادة / _cعلى جريشة |
| 260 |
_a[S.N] : _bدار الوفاء للطباعة والنشر والتوزيع ، _c1992 |
||
| 300 | _a79 ص | ||
| 650 | 0 | 4 | _aالاسلام |
| 650 | 0 | 4 | _aالعقائد |
| 650 | 0 | 4 | _aالايمان |
| 942 |
_2ddc _cBK |
||
| 999 |
_c52974 _d52974 |
||